Introducción a la semántica funcional

Uloženo v:
Podrobná bibliografie
Hlavní autor: Gutiérrez Ordóñez, Salvador (Autor)
Médium: Kniha
Jazyk:španělština
Vydáno: Madrid Síntesis 1992
Vydání:1a. ed
Edice:Lingüística, 20
Témata:
Tagy: Přidat tag
Žádné tagy, Buďte první, kdo vytvoří štítek k tomuto záznamu!

MARC

LEADER 00000nam a2200000 a 4500
001 UCK2168
003 CL-VaPUC
008 041223e19920000SP |||||||||||||||||spa|d
020 |a 8477380732 
082 0 4 |a 401.43  |b GUT  |2 21 
100 |a Gutiérrez Ordóñez, Salvador  |e author  |9 540322 
245 1 0 |a Introducción a la semántica funcional 
250 |a 1a. ed 
300 |a 168 p 
942 |c BK 
945 |d 20041223 00:00:00  |a vberengu 
260 |a Madrid  |b Síntesis  |c 1992 
650 0 |a Lingüística  |9 265068 
650 0 |a Semántica  |9 265318 
583 |a last modification  |c 20041223 00:00:00  |k Rodrigo Vera 
490 0 |a Lingüística, 20 
999 |c 311787  |d 311785 
952 |0 0  |1 0  |4 0  |6 401_430000000000000_GUT_1992  |7 0  |8 A  |9 381438  |a FDOPOS  |b FDOPOS  |d 2019-11-21  |i 4089421  |o 401.43 GUT 1992  |p 4089421  |r 2025-01-22  |w 2019-11-21  |y BK  |k MLA